000 00642nam a2200193 i 4500
001 187510
003 ES-MaACL
005 20230906222939.0
008 171020s1921 fr |||| | fre d
100 0 _aRappoport, Charles.
_995471
245 1 0 _aCauses occasionnelles et permanentes de guerre /
_cpar Charles Rappoport.
260 _aParis :
_bClarté,
_c1921.
300 _a40 p. ;
_c18 cm.
490 1 _aConférences Clarté ;
_vCahier nº 10
650 0 4 _aGuerra mundial, 1914-1918-
_xCausas y antecedentes.
_913216
830 0 _aConférences Clarté ;
_vCahier nº 10
_9182101
852 _aES-MaACL
_jF-2710(5)
999 _c187510
_d187510